| 000 | 006710000a22002170004500 | ||
|---|---|---|---|
| 090 |
_aAR _b02904 |
||
| 245 | 1 | 0 | _aSite reoccupation in fragmented landscape predictions of metapopulation theory |
| 650 | 1 | 4 |
_aAves _992429 |
| 650 | 1 | 4 |
_aFragmentación del hábitat _994528 |
| 650 | 1 | 4 |
_aMigraciones _916308 |
| 650 | 1 | 4 |
_aBosques _992270 |
| 650 | 1 | 4 |
_aEcología _992250 |
| 651 | 4 |
_pEstados Unidos _992749 |
|
| 653 |
_gPiranga _ePiranga olivacea |
||
| 041 | 0 | _aInglés | |
| 700 | 1 |
_aRosenberg, Kenneth V. _922081 |
|
| 700 | 1 |
_aLowe, James D. _996416 |
|
| 100 | 1 |
_aHames, Ralph S. _996417 |
|
| 942 | _cARTICULO | ||
| 773 | 1 |
_tJournal of Animal Ecology _3215 _q182-190 _d2001 _g70 |
|
| 999 |
_c11964 _d11964 |
||